Catálogo
 En Linea
Vista normal Vista MARC

Entrada Nombre de reunión

Número de registros utilizados en: 1

001 - NÚMERO DE CONTROL

  • campo de control: 87317

003 - IDENTIFICADOR DEL NÚMERO DE CONTROL

  • campo de control: DO-SdBNP

005 - FECHA Y HORA DE LA ÚLTIMA TRANSACCIÓN

  • campo de control: 20250403083114.0

008 - DATOS DE LONGITUD FIJA

  • campo de control de longitud fija: 250403|| aca||aabn | a|a d

040 ## - FUENTE DE LA CATALOGACIÓN

  • Centro catalogador/agencia de origen: DO-SdBNP
  • Centro/agencia transcriptor: DO-SdBNP

111 ## - ENCABEZAMIENTO--NOMBRE DE CONGRESO/REUNIÓN

  • Nombre de congreso/reunión o jurisdicción como elemento de entrada: Concurso de escritura para los dominicanos en el exterior
  • Número del congreso/reunión o número de parte o sección: (2ª:
  • Fecha del congreso/reunión: 2024:
  • Sede del congreso/Lugar de la reunión: Santo Domingo)

670 ## - FUENTE DE DATOS ENCONTRADOS

  • Cita de la fuente: Work cat.: (DO-SdBNP)58184: Concurso de escritura para los dominicanos en el exterior (2ª: 2024: Santo Domingo), Segundo concurso de escritura para los dominicanos en el exterior :

Con tecnología Koha